| 000 | 01010nam0a22002291i 4500 | ||
|---|---|---|---|
| 001 | rc\3225555 | ||
| 005 | 20240723205347.0 | ||
| 021 |
_aRU _b[74-4172а] |
||
| 035 | _a(NLR Aleph) 007367307 | ||
| 090 |
_a6370688 _c6370688 |
||
| 100 | _a20130115d1973 |||y0rusy50 ca | ||
| 101 | 0 | _arus | |
| 102 | _aRU | ||
| 105 | _ay d ||||| | ||
| 200 | 1 |
_aСовершенствование организма сельскохозяйственного производства совхозов в условиях полного хозрасчета _e(На примере совхозов Волгогр. овощемолочного треста) _eАвтореф. дис. на соиск. учен. степени канд. экон. наук _e(08.00.05) _fСарат. с.-х. ин-т |
|
| 210 |
_aСаратов _d1973 |
||
| 215 | _a24 с. | ||
| 700 | 1 |
_aЯхимович _bЕ.Т. _gЕлизавета Трофимовна |
|
| 801 | 0 |
_aRU _bNLR _gpsbo |
|
| 801 | 1 |
_aRU _bELAR _2rusmarc |
|
| 852 |
_aNLR _j74-4/3449 |
||
| 942 | _cBOOK | ||